| 000 | 01210nam a2200229Ia 4500 | ||
|---|---|---|---|
| 003 | IT-RoPAU | ||
| 005 | 20220918175708.0 | ||
| 008 | 120407s9999 xx 000 0 und d | ||
| 040 | _aIT-RoPAU | ||
| 040 | _cIT-RoPAU | ||
| 041 | _aita | ||
| 100 |
_aAlberione, Giacomo _cssp _914 |
||
| 245 |
_aPensieri _bFrammenti di spiritualità apostolica dai suoi scritti e discorsi |
||
| 250 | _a4° ed. | ||
| 260 |
_aAlba _bSocietà San Paolo _c1987 |
||
| 300 |
_a139 p. _c20 cm |
||
| 490 |
_v1 _a1° serie |
||
| 500 | _aPresentazione e note di Giovanni Roatta. | ||
| 520 | _aINDICE Presentazione; Cronologia; Sigle bibliografiche; 1.Coscienza della missione; 2.Visione dinamica dell'uomo e della storia; 3.Gesù Cristo: centro del pensiero e dell'azione; 4.Presenza della Madre di Dio; 5.San Paolo oggi; 6.La Parola di dio; 7.La Chiesa-il Papa; 8.Un grande problema: le vocazioni; 9.Il sacerdote; 10.Il Discepolo del divino Maestro; 11.La Donna associata allo zelo sacerdotale; 12.Una scelta fondamentale: la vita religiosa; 13.La Preghiera; 14.Senso costruttivo della povertà; 15.Apostolato: emanazione dal Cristo; 16.L'apostolato con i mezzi della comunicazione sociale. | ||
| 942 |
_cBK _2ddc |
||
| 999 |
_c25531 _d25531 |
||